1770 1815 1869 1712 1499 1026 1286 1050 1533 1328 1087 1027 1155 1471 1707 1512 1770 1907 1114 1415 1856 1917 1161 1181 1966 1844 1873 1096 1990 1764 1263 1172 1602 1672 1696 1329 1529 1694 1212 1384 1385 1231 1099 1284 1897 1786 1324 1192 1035 1642 1952 1283 1216 1170 1852 1608 1783 1494 1167 1972 1827 1223 1715 1076 1280 1482 1688 1712 1742 1334 1436 1831 1781 1100 1102 1011 1829 1080 1650 1293 1874 1162 1540 1466 1757 1876 1742 1411 1030 1470 1583 1062 1716 1955 1298 1296 1023 1734 1332 BCNSPRNW ULIB Ver.6.0+V

เปลี่ยนเป็นภาษาไทย

Change to English
 แสดงรายละเอียดบรรณานุกรม
  กลับหน้าหลัก

Brief Record : Get Marc (ISO 2709) : E-mail record : QR code < ปิดหน้าต่าง
LEADER : 00000nam 2200000uu 4500
001    13399123981
003     ULIB
008    141219s2557||||th 000 0 tha d
020    ^a9789990084306
060 04 ^aWB369^bก951ต
100 0  ^aโกวิท คัมภีรภาพ
245 10 ^aตำราฝังเข็ม =^bTextbook of acupuncture & moxibustion /^cโกวิท คัมภีรภาพ, ผู้เขียน
246 31 ^aTextbook of acupuncture & moxibustion
250    ^aพิมพ์ครั้งที่ 1
260    ^aกรุงเทพฯ :^bธนาเพรส,^c2557
300    ^a824 หน้า :^bภาพประกอบ ;^c21 ซม.
650  4 ^aการฝังเข็ม
650  4 ^aการแพทย์แผนโบราณ^zจีน
945    ^p650^l0^i037443
945    ^p650^l0^i037441
945    ^p650^l0^i037442
999    ^aเกษร โพธิ์สุวรรณ
รายการนี้ยังไม่มีแท็ก
คุณยังไม่ได้ล็อกอิน คุณสามารถมีกิจกรรมร่วมกับเว็บไซต์ได้ แต่ต้องล็อกอินก่อน ::
  ล็อกอิน

รายการสื่อสารสนเทศ

ลำดับที่ ประเภท เลขเรียก/บาร์โค้ด สถานที่ สถานะ
1. วิทยาศาสตร์การแพทย์ และสุขภาพ
วิทยาศาสตร์การแพทย์ และสุขภาพ
สถานะ=หนังสือเก่า
WB369 ก951ต ฉ.1 
  Barcode: 037441
ห้องสมุดวิทยาเขตสวรรค์ประชารักษ์
►ส่วนจัดเก็บหนังสือเก่า สปร
บนชั้น
  ขอยืม
2. วิทยาศาสตร์การแพทย์ และสุขภาพ
วิทยาศาสตร์การแพทย์ และสุขภาพ
สถานะ=หนังสือเก่า
WB369 ก951ต ฉ.2 
  Barcode: 037442
ห้องสมุดวิทยาเขตสวรรค์ประชารักษ์
►ส่วนจัดเก็บหนังสือเก่า สปร
บนชั้น
  ขอยืม
3. วิทยาศาสตร์การแพทย์ และสุขภาพ
วิทยาศาสตร์การแพทย์ และสุขภาพ
สถานะ=หนังสือเก่า
WB369 ก951ต ฉ.3 
  Barcode: 037443
ห้องสมุดวิทยาเขตสวรรค์ประชารักษ์
►ส่วนจัดเก็บหนังสือเก่า สปร
บนชั้น
  ขอยืม

รายการใกล้เคียง
    ผู้แต่ง [โกวิท คัมภีรภาพ]

BibComment


ยังไม่เคยถูกคอมเมนท์

คอมเมนท์ทรัพยากรรายการนี้
  คอมเมนท์: ตำราฝังเข็ม Tex..


 Copyright 2026. Bcnsprnw @Library